|
|
|
|
| LEADER |
00000nbm0a2200000 4500 |
| 001 |
142477 |
| 005 |
20231031142748.0 |
| 035 |
|
|
|a (RuTPU)RU\TPU\book\154404
|
| 090 |
|
|
|a 142477
|
| 100 |
|
|
|a 20080908d1967 k y0rusy50 ca
|
| 101 |
0 |
|
|a rus
|
| 102 |
|
|
|a RU
|
| 105 |
|
|
|a a m 001zy
|
| 200 |
1 |
|
|a Петрология Лебедского магматичесого комплека /Горный Алтай/
|e Диссертация на соискание ученой степени кандидата геолого - математических наук
|f В. И. Ярыгин
|g Томский политехнический институт (ТПИ) ; науч. рук. С. С. Ильенок
|
| 210 |
|
|
|a Томск
|c [Б. и.]
|d 1967
|
| 215 |
|
|
|a 336 л.
|c ил.
|
| 320 |
|
|
|a Библиогр.: с. 337 - 364 ( 293 назв.)
|
| 610 |
1 |
|
|a Горный Алтай
|
| 610 |
1 |
|
|a магматические комплексы
|
| 610 |
1 |
|
|a петрология
|
| 610 |
1 |
|
|a геологическое строение
|
| 610 |
1 |
|
|a стратиграфия
|
| 610 |
1 |
|
|a тектоника
|
| 610 |
1 |
|
|a габброидные формации
|
| 610 |
1 |
|
|a кристаллизация
|
| 610 |
1 |
|
|a минерализация
|
| 610 |
1 |
|
|a происхождение
|
| 610 |
1 |
|
|a геологическое изучение
|
| 610 |
1 |
|
|a диссертации
|
| 675 |
|
|
|a 552.3(04)
|v 3
|
| 700 |
|
1 |
|a Ярыгин
|b В. И.
|
| 702 |
|
1 |
|a Ильенок
|b С. С.
|4 727
|
| 712 |
0 |
2 |
|a Томский политехнический институт (ТПИ)
|c (1944-1991)
|2 stltpush
|3 (RuTPU)RU\TPU\col\1123
|
| 801 |
|
1 |
|a RU
|b 63413507
|c 20080908
|g PSBO
|
| 942 |
|
|
|c BK
|